000 00288nam a22001217a 4500
999 _c13774
_d13774
020 _a9780195779899
082 _a891
100 _aAfzal Iqbal
245 _aThe Life and Work of Jalaluddin Rumi
260 _aPakistan
_bOxford University Press
_c1998
300 _a360 pages
942 _cBK